000 00741nam a2200241Ia 4500
003 GCL
008 140319s9999 xx 000 0 ara d
040 _aGCL /
_cGCL
082 0 4 _a792.025
_bك ه
100 1 _aكمال عيد
245 1 0 _aالمعمل المسرحى تجاربى فى مسرح الستينات /
_cكمال عيد
260 _a[S.N] :
_bالهيئة المصرية العامة للكتاب ،
_c1994
300 _a419 ص
490 _a
650 0 4 _aالمسرح
650 0 4 _aالمسرحيات
650 0 4 _aالمسرحية
650 0 4 _aالمسارح
650 0 4 _aالتمثيل فى المسرح
650 0 4 _aالموسيقى فى المسرح
650 0 4 _aتاريخ ونقد
942 _2ddc
_cBK
999 _c58503
_d58503